000
00217 a2200097 4500
001
45670
100
_a
Plotinus
245
_a
Ptolemy Copernicus kepler
260
_a
Chicago
_b
William Benton
_c
090
_c
28849
_d
28849
942
_a
NUST-CAE
_c
M
_c
20945
999
_c
280743
_d
280743